اسلامیستان / (Record no. 108988)

MARC details
000 -LEADER
fixed length control field 00891nam a22002657a 4500
005 - DATE AND TIME OF LATEST TRANSACTION
control field 20170123162347.0
010 ## - LIBRARY OF CONGRESS CONTROL NUMBER
LC control number B-080790
020 ## - INTERNATIONAL STANDARD BOOK NUMBER
Terms of availability 80.00
International Standard Book Number 8188498076
035 ## - SYSTEM CONTROL NUMBER
System control number B-080790
037 ## - SOURCE OF ACQUISITION
Source of stock number/acquisition Cen Lib/Ret
040 ## - CATALOGING SOURCE
Original cataloging agency DPL
Language of cataloging UR
082 ## - DEWEY DECIMAL CLASSIFICATION NUMBER
Classification number 909.917671
Item number ز ا ہ
100 ## - MAIN ENTRY--PERSONAL NAME
Personal name زاہد حسین انجم
9 (RLIN) 134388
245 ## - TITLE STATEMENT
Title اسلامیستان /
Statement of responsibility, etc زاہد حسین انجم
246 ## - VARYING FORM OF TITLE
Title proper/short title Islamistan /
Remainder of title by Zahid Husain Anjum
260 ## - PUBLICATION, DISTRIBUTION, ETC. (IMPRINT)
Place of publication, distribution, etc دہلی
Name of publisher, distributor, etc بسمہ کتاب گھر
Date of publication, distribution, etc 2003
270 ## - ADDRESS
Address ١٩٥٥، ترماں گیٹ
City دہلی
Postal code 110006
300 ## - PHYSICAL DESCRIPTION
Extent 184p.
Dimensions 21cm(Hb)
500 ## - GENERAL NOTE
General note کتابیات
650 ## - SUBJECT ADDED ENTRY--TOPICAL TERM
Topical term or geographic name as entry element اسلامی كنٹريج - مسكللانا.
9 (RLIN) 134389
650 ## - SUBJECT ADDED ENTRY--TOPICAL TERM
Topical term or geographic name as entry element المنےس.
9 (RLIN) 134390
650 ## - SUBJECT ADDED ENTRY--TOPICAL TERM
Topical term or geographic name as entry element Islamic countries -- Miscellanea.
9 (RLIN) 134391
650 ## - SUBJECT ADDED ENTRY--TOPICAL TERM
Topical term or geographic name as entry element Almanacs.
9 (RLIN) 134392
942 ## - ADDED ENTRY ELEMENTS (KOHA)
Source of classification or shelving scheme Dewey Decimal Classification
Koha item type Urdu Bks
Classification part 909.917671
Call number suffix ز ا ہ
Holdings
Withdrawn status Lost status Damaged status Not for loan Home library Current library Date acquired Source of acquisition Cost, normal purchase price Total Checkouts Full call number Barcode Date last seen Copy number Cost, replacement price Price effective from Koha item type
        Central Library Central Library 17/02/2016 Cen Lib/Ret 80.00   909.917671 ز ا ہ B-080790 17/02/2016 1 80.00 17/02/2016 Urdu Bks

© Delhi Public Library
Hit Counter
free hit counter